000
00339nam a22001577a 4500
003
SGT
020
_a
07-069-9745-X
082
_a
615.4
_b
H13R
100
_a
RAMACHANDRAN,L.
245
_a
HEALTH EDUCATION: A NEW APPROACH
250
_a
1ST
260
_a
NOIDA
_b
VIKASH PUB
_c
2013
300
_a
284
650
_a
PHARMACY
942
_2
ddc
_c
BK
999
_c
11193
_d
11193